New reformation : notes of a neolithic conservative
Αποθηκεύτηκε σε:
| Κύριος συγγραφέας: | |
|---|---|
| Μορφή: | Βιβλίο |
| Γλώσσα: | English |
| Δημοσίευση: |
New York :
Vintage,
1971, c1970.
|
| Θέματα: | |
| Ετικέτες: |
Προσθήκη ετικέτας
Δεν υπάρχουν, Καταχωρήστε ετικέτα πρώτοι!
|
MARC
| LEADER | 00000cam a2200000 a 4500 | ||
|---|---|---|---|
| 001 | 1/113433 | ||
| 008 | 170321t19711970nyu| ||| |||| ||eng|| | ||
| 040 | |a GR-MyUa |b gre |c GR-MyUa |e AACR2 | ||
| 041 | 0 | |a eng | |
| 082 | 7 | |a 306.0973 |2 (23) | |
| 100 | 1 | |a Goodman, Paul, |d 1911-1972. | |
| 245 | 1 | 0 | |a New reformation : |b notes of a neolithic conservative / |c Paul Goodman. |
| 260 | |a New York : |b Vintage, |c 1971, c1970. | ||
| 300 | |a xiii, 208 σ. ; |c 19 εκ. | ||
| 651 | 0 | |a United States |x Social conditions |y 1960-1980. | |
| 852 | |a INST |b LESVOS |e 20170321 |h 306.0973 GOO |p 005100058938 |q 005100058938 |t BK |y 0 | ||
| 970 | |a Τζαφέρη |b Ευαγγελία |z 21-03-2017 | ||